A reforma da reforma do código de processo civil / (Record no. 1205)
[ view plain ]
| 000 -LÍDER | |
|---|---|
| Campo Fixo de Controle | 01004nam a2200265 a 4500 |
| 001 - NÚMERO DE CONTROLE | |
| Campo de Controle | 1205 |
| 003 - IDENTIFICAÇÃO DO NÚMERO DE CONTROLE | |
| Campo de Controle | BR-CuiBMT |
| 005 - DATA E HORA DA ÚLTIMA ATUALIZAÇÃO | |
| Campo de Controle | 20231201014806.0 |
| 008 - DADOS FIXOS | |
| Dados Fixos | 231124s1995 spb 000 0 por d |
| 040 ## - AGÊNCIA CATALOGADORA | |
| Código da Agência Catalogadora | BR-CuiBMT |
| Agência que transcreveu o registro | BR-CuiBMT |
| 080 ## - Nº DA CLASSIFICAÇÃO DECIMAL UNIVERSAL | |
| Nº edição CDU | 2007 |
| Nº Class. CDU | 347.91/.95 |
| 090 ## - NÚMERO DE CHAMADA | |
| Nº classificação | 347.91/.95 |
| Cutter | D583r |
| Ano/Edição | 2. ed. |
| 100 1# - ENTRADA PRINCIPAL -- AUTOR PESSOAL | |
| Nome pessoal | Dinamarco, Cândido Rangel |
| 245 12 - TÍTULO PRINCIPAL | |
| Título principal | A reforma da reforma do código de processo civil / |
| Indicação de responsabilidade | Cândido Rangel Dinamarco. |
| 250 ## - EDIÇÃO | |
| Edição | 2. ed., rev. e ampl. |
| 260 ## - PUBLICAÇÃO, DISTRIBUIÇÃO, ETC. | |
| Local de publicação | São Paulo : |
| Editora | Malheiros, |
| Data | 1995. |
| 300 ## - DESCRIÇÃO FÍSICA | |
| N. páginas ou volumes | 294 p. ; |
| Dimensões | 21 cm |
| 500 ## - NOTAS GERAIS | |
| Notas gerais | Lei 8.455, de 24.08.91 ; 8.637, de 31.3.93 ; 8.710, de 24.09.93 ; 8.718, de 14.10 ; 8.898, de 29.6.94 ; 8.950, de 13.12.94 ; 8.951, de 13.12.94 ; 8.952, de 13.12.94 ; 8.953, de 13.12.94. |
| 504 ## - NOTA DE BIBLIOGRAFIA, ETC. | |
| Nota de bibliografia | Inclui bibliografia. |
| 610 ## - ASSUNTO -- ENTIDADE | |
| Nome da Entidade ou lugar | Brasil. |
| Título da publicação | [Código de processo civil (1973)] |
| 650 ## - ASSUNTO TÓPICO | |
| Cabeçalho tópico ou nome geográfico | Processo civil |
| Subdivisão geral | Reforma |
| Subdivisão geográfica | Brasil |
| 650 ## - ASSUNTO TÓPICO | |
| Cabeçalho tópico ou nome geográfico | Execução (Processo civil) |
| Subdivisão geográfica | Brasil |
| 650 ## - ASSUNTO TÓPICO | |
| Cabeçalho tópico ou nome geográfico | Direito civil |
| Subdivisão geográfica | Brasil |
| 942 ## - ELEMENTOS DE ENTRADA ADICIONAIS (KOHA) | |
| Fonte de classificação ou esquema de arquivamento | Classificação Decimal Universal |
| Tipo de item do Koha | Livros |
| Estado: removido | Estado: perdido | Fonte de classificação ou esquema de arquivamento | Estado: danificado | Indisponível para empréstimo | Localização permanente | Localização atual | Data de aquisição | Total Checkouts | Número de Chamada completo | Código de barras | Date last seen | Número do exemplar | Preço efetivo a partir de | Tipo de item (Koha) |
|---|---|---|---|---|---|---|---|---|---|---|---|---|---|---|
| Classificação Decimal Universal | Biblioteca da Escola Superior de Contas do TCE/MT | Biblioteca da Escola Superior de Contas do TCE/MT | 01/12/2023 | 347.91/.95 D583r 2. ed. | BIBTCEMT23120006 | 01/12/2023 | Ex. 1 | 01/12/2023 | Livros |